[Event "Landesliga Sued 1213 U20"]
[Site "Bayern"]
[Date "2013.03.02"]
[Round "7.4"]
[White "Thanner, Nuria"]
[Black "Pils, Markus"]
[Result "0-1"]
[WhiteElo "803"]
[BlackElo "1480"]
[PlyCount "58"]
[EventDate "2012.10.20"]
[EventType "team-tourn"]
[EventRounds "7"]
[EventCountry "GER"]
[SourceTitle "EXT 2020"]
[Source "ChessBase"]
[SourceDate "2019.10.17"]
[SourceVersion "1"]
[SourceVersionDate "2019.10.17"]
[SourceQuality "1"]
[WhiteTeam "Ortenburg U20"]
[BlackTeam "Weilheim U20"]
[WhiteTeamCountry "GER"]
[BlackTeamCountry "GER"]

1. e4 e5 2. Nf3 Nc6 3. Nc3 Nf6 4. Bc4 Bc5 5. d3 d6 6. Bg5 Be6 7. Bxe6 fxe6 8. h3 0-0 9. Qe2 h6 10. 0-0-0 hxg5 11. Nxg5 Qe8 12. Nb5 Bb6 13. g3 Nh7 14. h4 a6 15. Nc3 Rxf2 16. Qe1 Qg6 17. Rd2 Raf8 18. Nh3 Rxd2 19. Qxd2 Qxg3 20. Ng5 Be3 21. Ne2 Bxd2+ 22. Kxd2 Rf2 23. Re1 Qxh4 24. Nxh7 Kxh7 25. Kc3 Qg5 26. Ng1 Qd2+ 27. Kb3 Qxc2+ 28. Ka3 Qxb2+ 29. Ka4 Qb4# 0-1